Страны-хозяйки Чемпионата мира по футболу - Statistics

General Stats
  • This quiz has been taken 36 times
  • The average score is 25 of 26
Answer Stats
Год Страна % Correct
1934 Королевство Италия
100%
1938 Франция
100%
1970 Мексика
100%
1974 Федеративная Республика Германии
100%
1982 Испания
100%
1986 Мексика
100%
1990 Италия
100%
1994 Соединённые Штаты Америки
100%
1998 Франция
100%
2002 Республика Корея
100%
2002 Япония
100%
2006 Германия
100%
2010 Южно-Африканская Республика
100%
2018 Россия
100%
2022 Катар
100%
2026 Мексика
100%
2026 Соединённые Штаты Америки
100%
1930 Уругвай
96%
1950 Бразилия
96%
2014 Бразилия
96%
2026 Канада
96%
1958 Швеция
91%
1978 Аргентина
91%
1954 Швейцария
78%
1966 Англия
74%
1962 Чили
65%
No matching quizzes found
Score Distribution
Percent of People with Each Score
Percentile by Number Answered
Your Score History
You have not taken this quiz